Statistics for guess described flag #1

Click here to take the quiz!

General Stats

  • This quiz has been taken 11 times
  • The average score is 5 of 8

Answer Stats

describingcountry% Correct
black two headed eagle , red background .Albania
100%
blue background , golden map of the country , six white stars in top of the map .Kosovo
73%
red background , a large white cross in the middleSwitzerland
73%
two horizontal stripes ( top to bottom : blue and yellow ) .Ukraine
73%
two blue stripes in top and bottom , thick red stripe in middle with a white circle in left side that has a red five pointed star , two thin white stripes between red stripe and blue stripesNorth Korea
55%
five diagonal colors starting in down left corner . ( clockwise : blue , yellow , red , white , green )Seychelles
45%
two unequal horizontal ( top to bottom : dark red , green ) , a red ornamental pattern on a white vertical stripe at the left sideBelarus
36%
three horizontal stripes ( top to bottom : green , white , red ) , a black trapezius in left side .Kuwait
36%

Score Distribution

Percentile by Number Answered

Percent of People with Each Score

Your Score History

You have not taken this quiz